FC Nantes - Tous les joueurs (2010-2020) - Statistiques

Statistiques générales
  • Ce quiz a été pris 307 fois
  • Le résultat moyen est 33 sur 143
Statistiques - réponses
Saisons Nationalité Joueur Nb de matchs % Correct
2019-2020 Brésil Roli Pereira de Sa 1
91%
2017-2020 France Nicolas Pallois 74
83%
2015-2019 Argentine Emiliano Sala 120
82%
2019-2020 France Alban Lafont 27
76%
2014-2020 France Valentin Rongier 119
76%
2019-2020 Nigeria Moses Simon 26
74%
2010-2011 Sénégal Papa Malick Ba 9
72%
2019-2020 France Ludovic Blas 24
69%
2012-2017 France Rémy Riou 157
67%
2011-2012 France Rudy Riou 33
67%
2012-2020 France Abdoulaye Touré 144
64%
2012-2016 Mali Birama Touré 81
63%
2017-2020 Brésil Andrei Girotto 70
62%
2010-2015 France Jordan Veretout 130
61%
2014-2018 France Léo Dubois 96
57%
2017-2020 RD Congo Samuel Moutoussamy 53
56%
2013-2017 Vénézuela Oswaldo Vizcarrondo 122
54%
2010-2014 Serbie Filip Djordjevic 125
53%
2018-2019 France Randal Kolo Muani 6
53%
2017-2019 Roumanie Ciprian Tatarusanu 64
52%
2016-2019 Brésil Diego Carlos 97
52%
2013-2016 Etats-Unis Alejandro Bedoya 87
50%
2014-2018 Maroc Yacine Bammou 117
50%
2017-2020 Mali Kalifa Coulibaly 61
49%
2013-2019 France Maxime Dupé 45
49%
2016-2019 Brésil Lucas Lima 105
47%
2016-2017 Maroc Amine Harit 30
44%
2018-2020 Mali Charles Traoré 33
44%
2019-2020 France Marcus Coco 1
44%
2010-2015 Sénégal Papy Djilobodji 158
43%
2010-2015 Togo Serge Gakpé 126
43%
2018-2020 Brésil Fabio 30
41%
2015-2016 Albanie Lorik Cana 21
38%
2011-2015 France Vincent Bessat 127
37%
2018-2020 Belgique Anthony Limbombe 33
35%
2015-2018 Belgique Guillaume Gillet 58
33%
2012-2016 France Lucas Deaux 119
32%
2011-2015 France Olivier Veigneau 118
31%
2011-2019 France Koffi Djidji 99
30%
2015-2018 Islande Kolbeinn Sigthorsson 30
30%
2015-2018 France Adrien Thomasson 99
29%
2018-2020 Maroc Imran Louza 25
27%
2016-2018 Pologne Mariusz Stepinski 22
27%
2019-2020 Slovénie Denis Petric 1
26%
2019-2020 France Dennis Appiah 12
26%
2012-2015, 2016-2017 Vénézuela Fernando Aristeguieta 50
26%
2010-2015 Sénégal Issa Cissokho 135
26%
2018-2019 Brésil Gabriel Boschilia 29
25%
2018-2019 Ghana Majeed Waris 33
25%
2010-2014 France Adrien Trebel 93
24%
2018-2019 Etats-Unis Matt Miazga 8
23%
2016-2018 Burkina Faso Préjuce Nakoulma 29
23%
2019-2020 Belgique Renaud Emond 6
23%
2015-2016 Brésil Adryan 20
22%
2017-2020 Slovénie Rene Krhin 42
21%
2015-2016 Albanie Ermir Lenjani 20
20%
2016-2017 Colombie Felipe Pardo 13
20%
2014-2018 Congo Jules Iloki 72
20%
2019-2020 France Kader Bamba 27
20%
2019-2020 Algérie Mehdi Abeid 25
20%
2017-2018 Nigeria Chidozie Awaziem 22
19%
2013-2015 France Georges-Kévin Nkoudou 34
19%
2011-2015 Guinée Ismaël Bangoura 40
19%
2013-2016 France Johan Audel 64
19%
2019-2020 Pérou Percy Pardo 3
19%
2018-2019 France Alexandre Olliero 1
18%
2018-2019 Portugal Edgar Ié 9
18%
2015-2019 France Enock Kwateng 40
18%
2016-2018 Suède Alexander Kacaniklic 26
16%
2010-2015 Comores Chaker Alhadhur 38
16%
2010-2012 Sénégal Kemokho Cissoko 4
16%
2014-2015 Danemark Kian Hansen 29
15%
2018-2019 Brésil Lucas Evangelista 14
15%
2013-2015 Israël Itay Shechter 23
14%
2013-2016 Sénégal Rémi Gomis 46
14%
2016-2017 Portugal Sérgio Oliveira 6
14%
2019-2020 Pérou Cristian Benavente 12
13%
2011-2014 France Fabrice Pancrate 60
13%
2016-2017 Danemark Nicolaj Thomsen 13
13%
2015-2016 Sénégal Youssouf Sabaly 28
13%
2018-2019 France Abdoulaye Dabo 2
12%
2018-2019 France Valentin Eysseric 5
12%
2015-2019 RD Congo Anthony Walongwa 6
11%
2012-2014 Vénézuela Gabriel Cichero 36
11%
2017-2018 Belgique Joris Kayembe 3
11%
2017-2018 Belgique Yassine El Ghanassy 20
11%
2010-2012 France Erwin Zelazny 7
9%
2010-2011 Haïti Jean-Jacques Pierre 18
9%
2019-2020 Mali Molla Wagué 9
9%
2018-2020 France Thomas Basila 9
9%
2018-2019 Croatie Antonio Mance 5
8%
2013-2014 Roumanie Banel Nicolita 17
8%
2011-2012 Pologne Grzegorz Krychowiak 21
8%
2018-2019 Sénégal Kara Mbodji 6
8%
2011-2012 France Sylvain Wiltord 33
8%
2018-2020 France Elie Youan 6
7%
2010-2011 Sénégal Khassimirou Diop 1
7%
2017-2018 Sénégal Santy Ngom 13
7%
2019-2020 France Wesley Moustache 1
7%
2015-2017 France Wilfried Moimbé 23
7%
2012-2013, 2014-2015 Mali Adama Niane 4
6%
2015-2017, 2018-2019 Cameroun Alexis Alégué 6
6%
2012-2013, 2017-2018 France David Alcibiade 4
6%
2010-2013 Mali Ismaël Keita 45
6%
2010-2012 France Jonathan Martins Pereira 54
6%
2010-2011 Hongrie Loïc Négo 12
6%
2010-2012 France William Vainqueur 32
6%
2012-2014 France Yohann Eudeline 33
6%
2013-2015 RD Congo Aristote N'Dongala 2
5%
2010-2012 France Bruno Cheyrou 41
5%
2010-2013 Corée du Sud Lee Yong-jae 39
5%
2017-2018 France Najib Gandi 5
5%
2010-2011 France Ronny Rodelin 15
5%
2010-2011 Algérie Djamel Abdoun 1
4%
2010-2011 Cameroun Guy Roland Ndy Assembé 35
4%
2019-2020 Togo Josué Homawoo 1
4%
2010-2011 Slovaquie Lubos Kamenar 1
4%
2010-2012 Brésil Matheus Vivian 62
4%
2010-2011 France Aurélien Capoue 18
3%
2011-2012 France Florian Raspentino 30
3%
2012-2013 France Loïs Diony 2
3%
2010-2011 Maroc Monsef Zerka 10
3%
2010-2012 France Vincent Sasso 24
3%
2012-2013 Algérie Ahmed Madouni 18
2%
2010-2011 Cameroun Christian Bekamenga 4
2%
2011-2012 France Damien Le Tallec 8
2%
2012-2013 France Damien Mayenga 1
2%
2010-2011 France Damien Tixier 17
2%
2012-2013 France Karim Djellabi 6
2%
2010-2011 France Lionel Carole 14
2%
2011-2012 France Maurice Dalé 8
2%
2012-2013 Tunisie Saad Trabelsi 2
2%
2010-2011 Algérie Sofiane Hanni 3
2%
2010-2011 France Stéphane Darbion 22
2%
2015-2016 France Thomas Henry 2
2%
2012-2013 France Alexandre Wroblewski 1
1%
2010-2011 France Aristote Lusinga 1
1%
2011-2012 RD Congo Granddi Ngoyi 20
1%
2015-2016 France Hicham M'Laab 2
1%
2011-2012 France Jean-Jacques Mandrichi 3
1%
2010-2011 Algérie Omar Benzerga 3
1%
2010-2011 France Quentin Othon 6
1%
2010-2011 Côte d'Ivoire Serges Déblé 24
1%
Aucun quiz correspondant
Distribution des résultats
% des personnes avec chaque résultat
Percentile par nombre de réponses
Votre historique - résultats
Vous n’avez pas pris ce quiz